| 000 | 01041nam a2200253 a 4500 | ||
|---|---|---|---|
| 001 | 80703 | ||
| 003 | BD-RjUL | ||
| 005 | 20221103113423.0 | ||
| 008 | 221103s2011 bg a|||| m||| 00| 0 eng d | ||
| 035 | _a(BD-RjUL)80703 | ||
| 040 |
_aBD-RjUL _beng _cBD-RjUL _dBD-RjUL |
||
| 041 | _aeng | ||
| 082 |
_223 _a302.3095492 _bSAR 2011 |
||
| 100 |
_aSarker, Md. Abdul Malek _95688 |
||
| 245 |
_6Supervisor : AKM Shafiul Islam _aRural Women and the Formation of Social Capital in Bangladesh : _bA Study on Selected Areas in Sirajganj District / _cMd. Abdul Malek Sarker |
||
| 260 |
_aRajshahi : _bInstitute of Bangladesh Studies, University of Rajshahi, _c2011 |
||
| 300 |
_axvii, 291 leaves : _bill.; _c29 cm. |
||
| 502 | _aThesis (Ph. D.) --Institute of Bangladesh Studies, University of Rajshahi,2011 | ||
| 504 | _aBibliography: Leaves 271-291 | ||
| 650 |
_aSocial metworks _xRural Women _zBangladesh _95689 |
||
| 650 |
_aSocial metworks _xSocial Capital _zBangladesh _95690 |
||
| 700 |
_aIslam, AKM Shafiul, Supervisor _91356 |
||
| 942 |
_2ddc _cTHE |
||
| 999 |
_c80703 _d80703 |
||